000
00254nam a2200109Ia 4500
008
190912s9999||||xx |||||||||||||| ||und||
100
_a
Sir Shaar Siddaqui
245
0
_a
Baaz deed
260
_a
Karachi
_b
Fiction House
_c
2013
300
_a
891
942
_c
BK
999
_c
7713
_d
7713